00903nam a22002657i 4500003000900000005001700009007000300026008004100029020001800070040003000088082000700118245007100125264005600196300004300252336002800295337003300323338002900356504002700385590002900412700004700441910001400488942001400502952010400516999001700620DO-SdBNP20230526105100.0ta230413b2013 dr ||||| |||| 00| 0 spa d a9789945453287 aDO-SdBNPbspacBNPHUerda 422210aAdministrando mi vida /cGil Germán ; prólogo Miguel Sang Ben  aSanto Domingo : bEditora Somos Literatura, c2013. a71 páginas bilustraciones,c21 cm.  2rdacontent atextobtxt 2rdamediaasin mediaciónbn 2rdacarrieravolumen bnc aBibliografía : p. 71 aInventariado, 2023 /LP 1 aSang Ben, Miguel,d1948-eprólogo983227 aLopérez 2ddccLBS1 00102ddc51708PDaBNPHUbBNPHUcHDd2023-04-13eDonado p2023-1359r2023-04-13w2023-04-13yLBS1 c53237d53237